| 000 | 00575nam a2200193Ia 4500 | ||
|---|---|---|---|
| 003 | GCL | ||
| 008 | 140319s9999 xx 000 0 eng d | ||
| 040 |
_aGCL / _cGCL |
||
| 082 | 0 | 4 |
_a425 _bM E |
| 100 | 1 | _aMURRAY, LINDLEY | |
| 245 | 1 | 0 |
_aENGLISH GRAMMER ADAPTED TO THE DIFFERENT CLASSES OF LEARNERS. / _cMURRAY, LINDLEY |
| 700 | 1 | _aREIBEL DAVID | |
| 260 |
_a[S.N] : _bROUTLEDGE \ THOEMMES PRESS ، _c1996 |
||
| 300 | _a340 P | ||
| 650 | 0 | 4 | _aENGLISH LANGUAGE - GRAMMAR |
| 650 | 0 | 4 | _aENGLISH LANGUAGE |
| 650 | 0 | 4 | _aENGLISH LANGUAGE - STUDY AND TEACHING |
| 942 |
_2ddc _cBK |
||
| 999 |
_c13008 _d13008 |
||